[Event "GCT Paris Blitz 2021"]
[Site "Paris"]
[Date "2021.06.21"]
[Round "2"]
[White "Firouzja, Alireza"]
[Black "Vachier-Lagrave, Maxime"]
[Result "1-0"]
[WhiteElo "2759"]
[BlackElo "2760"]
[Annotator "TA"]
[PlyCount "71"]
[EventDate "2021.06.21"]
[EventType "tourn"]
[EventCountry "FRA"]
[SourceTitle "playchess.com"]
[Source "ChessBase"]
[SourceQuality "1"]

{[%evp 13,71,77,75,75,76,69,79,80,79,70,100,108,100,88,112,107,172,161,169,153,
183,183,167,180,152,173,153,141,189,185,185,159,201,201,285,286,325,323,381,
372,361,301,440,428,464,476,476,451,516,500,683,551,799,713,964,960,928,905,
1101,1085]} 1. e4 c5 2. Nf3 e6 3. d4 cxd4 4. Nxd4 Nf6 5. Nc3 {[%cal Bb1c3,
Bc3e4,Be4d6][%mdl 32]} Nc6 6. Be2 a6 7. Nxc6 bxc6 8. e5 $1 {[%cal Re5f6] B46:
Sicilian: Taimanov: 5 Nc3 a6.} Nd5 9. Ne4 $1 Qc7 {[#]} 10. Nd6+ $1 {White is
better.} Bxd6 11. exd6 Qb6 12. c4 Nf6 13. O-O c5 {[#]} 14. Be3 $146 ({
Predecessor:} 14. Bf4 Bb7 15. Qb3 Qxb3 16. axb3 O-O 17. Be3 Rfc8 18. Ra5 Ne4
19. Rd1 Rc6 20. f3 Nxd6 21. Bxc5 {1-0 (34) Morozevich,A (2683)-Bocharov,D 
(2611) Sochi 2016}) 14... Ne4 (14... a5 $16 {might work better.}) 15. Bf3 $18
Bb7 {[#]} 16. b4 $1 Qxd6 17. Bxe4 Qxd1 18. Bxb7 ({Don't take} 18. Raxd1 $6 Bxe4
19. Bxc5 f6 $14) 18... Qa4 {White must now prevent ...Rb8.} 19. Bxa8 cxb4 20.
Rfd1 O-O 21. Bf3 Rc8 22. c5 a5 23. h3 f6 (23... h6 $142 24. Rd2 Rc7) 24. Rd2
Rc7 25. Rad1 h6 26. Bh5 Kf8 27. Bf4 Ra7 (27... e5 {was worth a try.}) 28. Bb8 {
White is clearly winning.} Rb7 29. Bd6+ Kg8 30. Be8 b3 31. axb3 Qxb3 32. Be7 a4
33. Bxd7 a3 34. c6 Ra7 35. Bc5 Ra5 {[#]} 36. Bxa3 $1 {[%mdl 576] Promotion. 
Weighted Error Value: White=0.08/Black=0.40} 1-0

[Event "GCT Paris Blitz 2021"]
[Site "Paris"]
[Date "2021.06.21"]
[Round "3"]
[White "Caruana, Fabiano"]
[Black "Rapport, Richard"]
[Result "1/2-1/2"]
[WhiteElo "2820"]
[BlackElo "2763"]
[Annotator "TA"]
[PlyCount "148"]
[EventDate "2021.06.21"]
[EventType "tourn"]
[EventCountry "FRA"]
[SourceTitle "playchess.com"]
[Source "ChessBase"]
[SourceQuality "1"]

{[%evp 11,148,0,0,0,10,-2,0,5,12,0,0,0,0,-11,4,-10,18,12,26,23,23,39,50,0,0,-3,
50,-5,0,-5,0,0,10,12,41,29,80,80,79,57,55,53,63,37,97,80,97,94,181,171,183,143,
148,146,151,151,151,108,111,117,145,138,174,118,124,131,231,233,223,140,331,
200,200,200,200,200,200,199,219,112,111,111,112,112,112,106,106,74,81,81,81,81,
85,90,111,111,112,112,112,112,112,112,112,112,112,112,112,112,112,112,112,112,
112,112,112,0,112,112,4022,112,112,112,112,112,112,0,112,112,112,112,112,112,
112,0,112,112,112,112,112]} 1. e4 c5 2. Nf3 e6 3. d4 cxd4 4. Nxd4 Nf6 5. Nc3
Nc6 6. a3 Be7 7. Nxc6 {B45: Sicilian Four Knights.} bxc6 8. e5 Nd5 9. Qg4 {
The position is equal.} Kf8 {[#]} 10. Bd2 $146 ({Predecessor:} 10. Ne4 h5 11.
Qg3 Bh4 12. Qf3 g6 13. Bd3 Kg7 14. Nd6 Qf8 15. g4 Be7 16. c4 {1-0 (31) Dibley,
S (1571)-Wang,O (1942) Cammeray 2011}) 10... h5 11. Qe4 Rb8 12. b3 f5 13. exf6
Bxf6 {...Qc7 is the strong threat.} 14. Qf3 Kg8 15. Rd1 Nxc3 16. Bxc3 d5 17.
Be2 e5 18. Qe3 Qb6 {[#]} (18... Qe8 $11) 19. Qd2 ({White should try} 19. Bd4 $1
$14 Qc7 20. Bxa7) 19... Bf5 20. O-O h4 21. h3 Kh7 22. Rfe1 {Black should
prevent Bg4.} Rhf8 23. Bb4 e4 (23... Rfe8 $11) 24. Bxf8 $16 Rxf8 25. Rf1 Bg6
26. Bg4 Be5 27. Kh1 Bf4 (27... a5 $14) 28. Qb4 $1 {[%cal Rb4f8]} Qd8 29. c4 {
Threatens to win with cxd5.} Qf6 (29... Bd6 $16 30. Qd2 Bc7) 30. cxd5 $18 Bd6
31. Qe1 cxd5 32. Rxd5 Qf4 {[%csl Gd6][%cal Rf4h2] [#]} 33. Rxd6 $1 Qxd6 34. b4
Qd3 35. f3 e3 36. Qxh4+ Kg8 37. Re1 (37. Be6+ $18 Bf7 38. Bxf7+ Rxf7 39. Rg1)
37... Re8 $16 38. f4 Qd2 (38... e2 $16 39. Kh2 Qxa3) 39. f5 $18 Bf7 40. f6 Qf2
$2 (40... gxf6 $16 41. Bf3 (41. Bf5 Re5 $16) 41... Kg7) 41. Qg5 {[%csl Gf6]
[%cal Rg5g7]} Qxf6 ({And not} 41... Qxe1+ 42. Kh2 Bg6 43. Qxg6 Qg1+ 44. Kxg1
Re7 45. fxe7 Kh8 46. e8=Q#) 42. Qxf6 gxf6 {[%mdl 4096] Endgame [#] KRB-KRB} 43.
Kh2 $1 Bc4 44. Kg3 Kg7 45. Kf4 (45. Be2 $18 Bd5 46. Rd1) 45... e2 $16 46. Kf3
Rd8 47. Kf2 Rd2 48. Bxe2 {And now Ke3 would win.} Ra2 49. Kf3 Rxa3+ 50. Kf4
Bxe2 51. Rxe2 {KR-KR} a5 52. bxa5 Rxa5 53. g4 Kg6 54. h4 Ra4+ 55. Re4 Ra7 56.
Rb4 Rc7 57. Ra4 Rb7 58. h5+ Kg7 59. Ra5 Re7 60. Kf5 Rc7 61. Rb5 Ra7 62. Rc5 Rb7
63. Ra5 Rc7 $1 64. Rd5 Re7 $2 {[%mdl 8192] [#]} (64... Ra7 $16 65. Rc5 Ra4 66.
Rc7+ Kh6) 65. Rd4 $2 (65. h6+ $1 $18 {and the rest is easy.} Kh7 66. Kxf6)
65... Re5+ 66. Kf4 Re7 67. Re4 (67. Kg3 {feels hotter.} Rc7 68. Rd6 Rc3+ 69.
Kh4 Rc4 70. Rd7+) 67... Ra7 68. Rd4 (68. Re6 $16) 68... Rb7 (68... Re7 $1 $11 {
keeps the balance.}) 69. Rd5 Re7 70. Kf5 {Black must now prevent h6+!} Ra7 71.
Ke6 {White threatens Rd7+ and mate.} Ra4 72. Kf5 Ra7 $1 73. Rb5 Rc7 74. Ra5 Rb7
{Weighted Error Value: White=0.15/Black=0.15} 1/2-1/2

[Event "GCT Paris Blitz 2021"]
[Site "Paris"]
[Date "2021.06.21"]
[Round "3"]
[White "Aronian, Levon"]
[Black "Kramnik, Vladimir"]
[Result "1/2-1/2"]
[WhiteElo "2781"]
[BlackElo "2797"]
[Annotator "TA"]
[PlyCount "112"]
[EventDate "2021.06.21"]
[EventType "tourn"]
[EventCountry "FRA"]
[SourceTitle "playchess.com"]
[Source "ChessBase"]
[SourceQuality "1"]

{[%evp 9,112,3,6,14,8,-1,0,0,-2,-14,-8,-7,0,0,0,0,0,0,-16,-62,-52,-51,-41,-69,
0,-24,-25,-67,-76,-66,-66,-79,-69,-73,-65,-66,-76,-73,-80,-84,-28,-39,-22,-28,
-32,-35,-8,-8,0,0,0,0,0,0,0,0,0,0,0,0,0,5,6,0,1,0,0,0,3,0,0,-45,-46,-45,-56,
-46,-47,-54,-52,-49,-16,-17,0,-50,0,-14,0,-24,-25,-39,-8,-8,0,0,0,0,0,0,0,0,0,
0,0,0,0]} 1. d4 Nf6 2. Nf3 e6 3. Bf4 d5 4. e3 Bd6 5. Nbd2 O-O 6. Bd3 {D02: 1
d4 d5 2 Nf3 sidelines, including 2...Nf6 3 g3 and 2...Nf6 3 Bf4.} b6 7. Ne5 c5
$1 {[%mdl 4] is now more promising than 7...Bb7.} 8. c3 Qc7 {[#]} 9. Bg5 $146 (
{Predecessor:} 9. h4 Ba6 10. Bxa6 Nxa6 11. h5 Nd7 12. Ndf3 f6 13. Nd3 cxd4 14.
Nxd4 e5 15. Ne6 {1-0 (56) Firouzja,A (2749)-Duda,J (2743) Wijk aan Zee 2021})
9... Bxe5 10. dxe5 Qxe5 11. Nf3 {[%cal Rf3e5]} Qd6 12. Bxf6 gxf6 13. Nh4 {
next Qh5 is good for White.} Qe5 14. Qg4+ Qg5 15. Qh3 f5 (15... Qg7 {keeps
more tension.} 16. Rg1 Ba6 17. Bc2 Nc6 18. g4 Kh8) 16. Be2 e5 ({Better is} 
16... Ba6 $15) 17. f4 exf4 18. O-O fxe3 19. Nxf5 Nc6 {[%cal Bb8c6,Bc6e7,Be7g8]
[%mdl 32]} 20. Rf3 {[#]} Kh8 $1 21. Raf1 $1 Ne7 22. Qh6 Qxh6 23. Nxh6 Be6 {
Threatens to win with ...Kg7.} 24. Rxe3 {[#] White wants to play Nxf7+!} Ng8 (
24... Ng6 $1 $17) 25. Ng4 d4 26. cxd4 cxd4 27. Rd3 Bc4 {...Rfe8 is the strong
threat.} 28. Rd2 Bxe2 29. Rxe2 Rae8 30. Rd2 f5 31. Nf2 Rd8 32. Rfd1 Rfe8 33.
Kf1 Nf6 34. Rxd4 Rxd4 35. Rxd4 $11 {[%mdl 4096] Endgame KRN-KRN} Kg7 36. Nd3
Rc8 37. Rf4 Nd5 38. Rd4 Nf6 39. Ra4 a5 {[%cal Ba7a5,Ba5b4][%mdl 32]} 40. b4 Rc4
41. Ra3 axb4 42. Ra7+ Kh6 43. Ke2 Re4+ 44. Kd2 Rd4 45. Ke3 Re4+ 46. Kd2 $1 Rd4
47. Ke3 Rc4 48. Kd2 Ne4+ 49. Ke3 Nc5 {And now ...Rc3 would win.} 50. Nf4 $1 {
The position is equal.} Re4+ (50... b3 {is interesting.} 51. axb3 Nxb3 52. Rd7
Re4+ 53. Kf3 Rd4) 51. Kf3 Ne6 (51... b3 {with more complications.} 52. axb3
Nxb3 53. g3 Nd2+ 54. Kf2 Rb4) 52. Nxe6 Rxe6 53. Ra4 Re4 54. Ra6 Re6 55. Ra4 Re4
56. Ra6 Re6 {Weighted Error Value: White=0.05/Black=0.07} 1/2-1/2

[Event "GCT Paris Blitz 2021"]
[Site "Paris"]
[Date "2021.06.21"]
[Round "3"]
[White "Radjabov, Teimour"]
[Black "Nepomniachtchi, Ian"]
[Result "0-1"]
[WhiteElo "2765"]
[BlackElo "2792"]
[Annotator "TA"]
[PlyCount "110"]
[EventDate "2021.06.21"]
[EventType "tourn"]
[EventCountry "FRA"]
[SourceTitle "playchess.com"]
[Source "ChessBase"]
[SourceQuality "1"]

{[%evp 16,110,29,20,19,0,13,4,0,13,21,0,0,0,0,-2,-6,-19,-8,-14,-12,-14,-13,-12,
0,-8,-1,-19,-8,-39,-14,-52,-56,-45,-55,-72,-81,-90,-90,-85,-81,-62,-15,-20,-9,
-156,-145,-214,-208,-205,-200,-216,-209,-203,-202,-185,-194,-183,-180,-174,
-129,-341,-360,-342,-224,-222,-123,-106,-121,-104,-41,-181,-162,-249,-162,-302,
-265,-323,-344,-310,-183,-161,-150,-487,-471,-540,-553,-444,-500,-656,-627,
-1732,-1645,-8010,-6935,-29988,-29989]} 1. Nf3 Nf6 2. c4 e6 3. Nc3 d5 4. d4 Bb4
5. Bg5 h6 6. Bxf6 Qxf6 7. e3 O-O 8. Rc1 dxc4 9. Bxc4 c5 {D38: Queen's Gambit
Declined: Ragozin Defence (4 Nf3 Bb4).} 10. a3 (10. O-O {seems wilder.} cxd4
11. Nxd4 Bd7 12. Ne4 Qe5 13. Qd3) 10... cxd4 11. Nxd4 {[#]} Bxc3+ $146 {
The position is equal.} ({Predecessor:} 11... Ba5 12. O-O Bb6 13. Na4 Bd8 14.
Bb5 Be7 15. Qf3 Qxf3 16. Nxf3 Rd8 17. Ne5 Bf6 {0-1 (37) Arduman,C (2336)
-Gaprindashvili,V (2475) Izmir 2003}) 12. Rxc3 Bd7 13. O-O Nc6 14. Bb5 {
[%cal Rb5c6]} Rfd8 15. Bxc6 Bxc6 16. Qe2 Bd5 17. Rfc1 e5 18. Nf3 Bc6 $40 {
[%mdl 128] Black attacks.} 19. Rc5 Rd5 20. Rxd5 Bxd5 21. e4 Bc6 22. Qe3 Rd8 23.
Ne1 Rd4 24. f3 $1 Qd6 25. b4 a6 26. Qc3 h5 27. Qe3 h4 28. h3 f6 29. Kh2 Kh7 30.
Qb3 (30. Nc2 $11 {remains equal.}) 30... Rd2 31. Qe3 (31. Qf7 $17 {was worth a
try.}) 31... Qd4 $1 $19 {[%cal Rd4e3]} 32. Nc2 Qd3 33. Qxd3 Rxd3 {[%mdl 4096]
Endgame KRB-KRN} 34. Ra1 Ba4 35. Ne1 Rd2 36. Kg1 Kg6 37. Rc1 Bb5 38. Rc2 $2 (
38. f4 $17 {is a better defense.}) 38... Rd1 39. Kf2 Ra1 40. Rc3 Ra2+ (40...
Kg5 $19 {...Kf4 is the strong threat.} 41. Nd3 Ra2+ 42. Kg1 Bxd3 43. Rxd3 b5)
41. Kg1 $17 Kg5 42. Nc2 Kf4 (42... g6 $17 43. Ne3 Bc6) 43. Kh2 {[#]} (43. Ne3
$15) 43... Be2 $1 $19 44. Ne1 (44. b5 {was the only defense.}) 44... g6 45. Nc2
{[#]} (45. Nd3+ $142 Bxd3 46. Rxd3) 45... f5 $1 46. exf5 gxf5 47. a4 e4 ({
But not} 47... Rxa4 48. Ne3 $19) (47... Bd1 $142 48. Na3 e4 49. fxe4 fxe4) 48.
fxe4 fxe4 {And now ...Bd3 would win.} 49. Nd4 $2 (49. Rc7 $17 {is a better
chance.}) 49... Bf1 50. Kg1 Bxg2 51. b5 Bf3 52. Nc2 Rxa4 53. Kf2 axb5 54. Ne3
Ra2+ 55. Ke1 Re2+ {[%mdl 64] Double Attack.  Weighted Error Value: White=0.72/
Black=0.13} 0-1

[Event "GCT Paris Blitz 2021"]
[Site "Paris"]
[Date "2021.06.21"]
[Round "3"]
[White "Vachier-Lagrave, Maxime"]
[Black "So, Wesley"]
[Result "0-1"]
[WhiteElo "2760"]
[BlackElo "2770"]
[Annotator "TA"]
[PlyCount "124"]
[EventDate "2021.06.21"]
[EventType "tourn"]
[EventCountry "FRA"]
[SourceTitle "playchess.com"]
[Source "ChessBase"]
[SourceQuality "1"]

{[%evp 22,124,9,0,0,0,0,-15,-15,-16,0,0,61,2,9,-13,83,86,83,77,83,82,131,111,
111,118,119,125,138,138,142,120,137,138,147,143,161,162,161,145,159,152,167,
150,137,133,190,183,216,202,243,246,239,238,207,226,216,192,208,200,242,223,
251,237,297,314,296,218,228,195,214,176,184,184,184,184,184,165,210,184,198,
198,293,0,0,0,0,-173,-172,-570,-516,-6279,-6279,-6279,-5509,-29993,-29994,
-29994,-29995,-29995,-29978,-29978,-29979,-29975,-29976]} 1. Nf3 d5 2. e3 Nf6
3. c4 e6 4. b3 Be7 5. Bb2 O-O 6. d4 c5 7. Bd3 cxd4 8. exd4 b6 9. O-O Bb7 10.
Nc3 Nbd7 11. Re1 Rc8 12. Rc1 Re8 {E14: Queen's Indian: Classical Variation (4
e3).} 13. Qe2 Nf8 14. Ne5 Ng6 {The position is equal.} 15. g3 {[#]} Bf8 $146 ({
Predecessor:} 15... Bb4 16. a3 Bxc3 17. Bxc3 Rc7 18. c5 Ne4 19. Nxg6 hxg6 20.
b4 e5 21. dxe5 bxc5 22. bxc5 Rxc5 {0-1 (29) Siegel,N (2240)-Goldin,A (2590)
Philadelphia 1998}) 16. Red1 Qe7 (16... dxc4 $11 17. Bxc4 Qd6) 17. h4 ({
White should play} 17. c5 $1 $14) 17... dxc4 $11 18. bxc4 (18. Bxc4 {keeps
more tension.} Qd6 19. Re1 Qb8 20. Bb5 Re7 21. h5) 18... Nxe5 (18... Ba8 $11)
19. dxe5 $16 Nd7 20. Nb5 Nc5 21. Nd6 $40 {[%mdl 128] White goes for the king.}
Ba8 22. Bb1 Qc7 23. Nxe8 Rxe8 24. f3 Na4 25. Bd4 {[#] Threatens to win with
Qc2!} Nc5 26. Kg2 g6 27. h5 Bh6 28. Rc3 Bg7 29. hxg6 hxg6 30. Qe3 Rd8 31. Rcc1
Rc8 32. Kf2 Nd7 {[%cal Rg7e5]} 33. Re1 Nc5 (33... Qc6 $16 {was worth a try.})
34. Bxc5 $18 bxc5 35. f4 Qa5 36. Re2 Rd8 37. Be4 Bxe4 38. Qxe4 Rd4 39. Qf3 Bh6
40. Kg2 Kg7 41. Rb1 Qd8 42. Rb7 Rxc4 43. Rxa7 Rb4 44. a4 Rb1 45. Rf2 c4 46. Kh2
{And now f5! would win.} Qd4 47. Rc7 Rb3 48. Qg2 c3 49. a5 Ra3 50. Rc2 {
aiming for Qb7.} Ra1 {intending ...Bxf4.} 51. R7xc3 Bxf4 (51... Rxa5 {might
work better.} 52. Rc7 Ra7) 52. Rc4 $2 (52. gxf4 $18 {Intending Qg5! and mate.}
Qxf4+ 53. Rg3 Rxa5 54. Qf3 Qxe5 55. Rd2) 52... Bxg3+ $1 $11 53. Qxg3 Qd1 {
[%csl Ga1][%cal Rd1h1]} 54. Qg2 (54. Qh4 $11 {and White stays safe.} Qh1+ 55.
Kg3 Ra3+ 56. R4c3 Rxc3+ 57. Rxc3 Qe1+ {[%mdl 64] Double Attack} 58. Kg4 Qxc3
59. Qf6+ Kg8 60. Qd8+ Kg7 61. Qf6+ Kg8 62. Qd8+ Kg7 63. Qf6+) 54... Qh5+ $19
55. Kg3 $2 (55. Qh3 {nothing else works.} Rh1+ {[%mdl 64] Skewer, Deflection}
56. Kxh1 Qxh3+ 57. Kg1) 55... Qxe5+ 56. Kf2 (56. Kh4 $142 Ra3 57. R4c3 (57. Qg4
$2 {is a self mate.} Qe1+ 58. Kg5 f6+ 59. Kf4 e5#) 57... Rxc3 58. Rxc3 Qxc3 59.
a6 Qc4+ {[%mdl 64] Double Attack} 60. Kh3 Qxa6 61. Qb2+ f6 62. Kg4) 56... Qe1+
57. Kf3 Ra3+ 58. Kg4 f5+ {Black mates.} 59. Kg5 Rg3+ {[%mdl 64] [#] Double
Attack} 60. Rg4 Rxg4+ 61. Qxg4 fxg4 62. Rc7+ Kf8 {Weighted Error Value:
White=0.63/Black=0.17} 0-1

[Event "GCT Paris Blitz 2021"]
[Site "Paris"]
[Date "2021.06.21"]
[Round "3"]
[White "Svidler, Peter"]
[Black "Firouzja, Alireza"]
[Result "1/2-1/2"]
[WhiteElo "2714"]
[BlackElo "2759"]
[Annotator "TA"]
[PlyCount "96"]
[EventDate "2021.06.21"]
[EventType "tourn"]
[EventCountry "FRA"]
[SourceTitle "playchess.com"]
[Source "ChessBase"]
[SourceQuality "1"]

{[%evp 16,96,22,33,33,31,25,30,25,20,37,20,27,0,41,7,41,39,37,29,35,26,77,74,
76,83,106,86,97,102,120,100,102,113,124,31,58,31,31,67,64,20,112,85,91,37,44,
30,83,81,75,29,21,21,21,0,22,5,27,27,27,16,16,16,19,21,21,0,0,0,0,0,0,0,0,0,0,
0,0,0,0,0,0]} 1. e4 c5 2. Nf3 Nc6 3. Bb5 e6 4. O-O Nge7 5. Re1 a6 6. Bf1 d5 7.
exd5 Nxd5 8. d4 Nf6 9. Be3 cxd4 {B30: Sicilian: 2...Nc6 3 Bb5, lines without ..
.g6.} 10. Nxd4 Bd7 11. c4 Be7 {White has an edge.} 12. Nc3 O-O 13. a3 Qc7 14.
h3 Rad8 {[#]} 15. Qe2 $146 ({Predecessor:} 15. Nf3 Bd6 16. b4 Ne5 17. Nd2 Ng6
18. Qc2 Bh2+ 19. Kh1 Bf4 20. Nde4 Nxe4 21. Nxe4 {1/2-1/2 (42) Giri,A (2790)
-Topalov,V (2754) Stavanger 2016}) 15... e5 16. Nxc6 Bxc6 17. Rad1 e4 18. Bd4
Rfe8 (18... Rxd4 $11 19. Rxd4 Bc5) 19. Qe3 $16 Qc8 20. b4 {[%cal Bb2b4,Bb4b5]
[%mdl 32]} Qf5 21. b5 $1 {[%cal Rb5c6]} axb5 22. cxb5 Bd7 23. a4 Bb4 24. Bxf6
gxf6 25. Rd4 (25. Rd5 $16 Re5 26. g4 $1) 25... Bc5 $14 26. Qg3+ Qg6 27. Qxg6+
hxg6 28. Rdxe4 (28. Rc4 {is more complex.} Bd6 29. Nxe4 Kf8 30. Rd1 Be5 31. Nc5
) 28... Bb4 29. Rxe8+ Bxe8 {[#]} 30. Re3 (30. Rd1 $1 $16 Rxd1 31. Nxd1) 30...
Kg7 31. g3 f5 (31... b6 $11 {keeps the balance.}) 32. Bg2 $16 Bc5 33. Re2 ({
Much weaker is} 33. Bxb7 Bxe3 34. fxe3 Rd3 $11) (33. Re5 $5 {[%cal Re5c5]} Bd4
34. Rd5 Rxd5 35. Nxd5 $16) 33... b6 34. Nd5 Bd7 35. Nf4 Bc8 36. Bc6 Rd4 37. Re8
Be6 38. Nxe6+ fxe6 {The position is equal.} 39. Rxe6 $11 {[%mdl 4096] Endgame
KRB-KRB} Rd1+ 40. Kg2 Rd2 41. Be8 Rxf2+ 42. Kh1 Rf1+ 43. Kg2 Rf2+ 44. Kh1 g5
45. Rg6+ Kf8 46. Bd7 Rf1+ 47. Kg2 Rf2+ 48. Kh1 Rf1+ {Weighted Error Value:
White=0.15/Black=0.13} 1/2-1/2

[Event "GCT Paris Blitz 2021"]
[Site "Paris"]
[Date "2021.06.21"]
[Round "4"]
[White "Caruana, Fabiano"]
[Black "Radjabov, Teimour"]
[Result "0-1"]
[WhiteElo "2820"]
[BlackElo "2765"]
[Annotator "TA"]
[PlyCount "89"]
[EventDate "2021.06.21"]
[EventType "tourn"]
[EventCountry "FRA"]
[SourceTitle "playchess.com"]
[Source "ChessBase"]
[SourceQuality "1"]

{[%evp 16,89,21,27,23,2,59,48,52,44,52,12,37,30,35,-43,20,18,107,81,78,0,154,
158,158,131,349,326,570,541,510,369,603,607,604,586,589,541,525,397,399,387,
556,135,184,177,162,-139,0,-877,-838,-1066,-1068,-1049,-1047,-1025,-1025,-1021,
-1028,-990,-942,-928,-589,-564,-406,-1354,-1336,-1632,-1616,-3967,-1147,-12801,
-134,-6179,-6179,-1771]} 1. d4 Nf6 2. c4 g6 3. Nf3 Bg7 4. e3 O-O 5. Be2 d6 6.
O-O Nbd7 7. Nc3 e5 8. Qc2 {The main line 8.Qc2 scores better than 8.b4.} Re8 9.
Rd1 Qe7 {E61: King's Indian: Early deviations for White, including Smyslov
System.} 10. b4 e4 (10... c6 $11) 11. Nd2 $14 Nf8 {White is slightly better.}
12. Bb2 Bf5 13. h3 h5 {[#]} 14. Nb3 $146 ({Predecessor:} 14. a4 N8h7 15. b5 h4
16. a5 g5 17. Nf1 Qd7 18. Nh2 g4 19. hxg4 Nxg4 20. Nd5 Ng5 21. Nf4 Nf6 {
1/2-1/2 (21) Kosanovic,G (2320)-Mendonca,L (2350) Novi Sad 2019}) 14... g5 15.
d5 (15. Nd2 $14) 15... Bg6 (15... g4 $15) 16. c5 $11 N8d7 (16... g4 $11) 17.
Nb5 Rec8 18. Na5 ({Better is} 18. c6 $16 bxc6 19. N5d4 (19. Qxc6 g4 $11) (19.
dxc6 Ne5 $11)) 18... a6 $2 {[#]} ({Black should try} 18... Ne5 $1 $11) 19. c6
$1 $16 bxc6 20. Nxc6 Qe8 (20... Qf8 $16 {was called for.}) 21. Nba7 $18 {
[%mdl 64] Discovered Attack} g4 $2 (21... Rcb8 22. Nxb8 {[%mdl 64] Discovered
Attack} Qxb8) 22. Nxc8 Rxc8 23. hxg4 hxg4 $2 (23... Nxg4 24. Bxg7 Kxg7 25. Bxa6
Ra8 26. Qc3+ Kh7) 24. Bxa6 Ra8 25. Bb7 g3 26. fxg3 Ng4 27. Bxg7 Kxg7 28. Qc3+
Ndf6 (28... f6 $142 29. Bxa8 Qxa8) 29. Kf1 $2 (29. Rf1 $18 Ra3 30. Qxa3) 29...
Qh8 $16 {( -> ...Qh1+)} 30. Ke2 (30. Bxa8 $2 {gets mated.} Qh1+ 31. Ke2 Qxg2+
32. Ke1 Qf2#) 30... Qh2 31. Rd2 $2 {[#]} (31. Kd2 $18 Qxg2+ 32. Kc1) 31... Bh5
$40 {[%mdl 128] Black has some attack.} 32. Kd1 $2 {[%mdl 8192] [#]} (32. Bxa8
$11 Ne5+ 33. Kf1) 32... Ra3 $3 {[%mdl 512]} 33. Qxa3 (33. Qd4 Nxe3+) 33...
Nxe3+ {[%mdl 64] Discovered Attack (Double check)} 34. Kc1 Qg1+ 35. Kb2 Nc4+ {
[%mdl 64] Double Attack} 36. Kc3 Qe3+ {[%mdl 64] Double Attack} 37. Kxc4 Qxa3
38. Nd4 Bg6 39. Nb3 Nd7 40. Kb5 (40. Re1 $142 Ne5+ 41. Kc3) 40... e3 $19 41.
Rd4 Ne5 42. Re1 Bf5 (42... Qa7 $142 43. Rxe3 Qxb7+ 44. Ka5 Qa7+ 45. Kb5 Qb6+
46. Ka4 Bc2) 43. Rxe3 Bd7+ 44. Bc6 {and if Bxd7 works, White does fine.} Bc8 {
[%csl Ga3][%cal Rc8a6]} 45. Na5 {Weighted Error Value: White=0.93/Black=0.55}
0-1

[Event "GCT Paris Blitz 2021"]
[Site "Paris"]
[Date "2021.06.21"]
[Round "4"]
[White "Nepomniachtchi, Ian"]
[Black "Vachier-Lagrave, Maxime"]
[Result "1/2-1/2"]
[WhiteElo "2792"]
[BlackElo "2760"]
[Annotator "TA"]
[PlyCount "108"]
[EventDate "2021.06.21"]
[EventType "tourn"]
[EventCountry "FRA"]
[SourceTitle "playchess.com"]
[Source "ChessBase"]
[SourceQuality "1"]

{[%evp 20,108,23,7,16,0,0,1,0,-13,24,-11,10,0,-7,-14,0,0,4,0,0,0,0,0,0,0,0,0,0,
0,0,0,1,0,2,0,39,0,0,0,0,0,0,0,0,0,0,0,0,-50,-50,-50,-50,-50,-50,-88,-88,-87,
-50,-50,-50,-57,-50,-50,-50,-50,0,0,0,0,0,-64,-36,-36,0,0,0,0,0,0,0,0,0,0,0,0,
0,0,0,0,0]} 1. b3 Nf6 2. Bb2 g6 3. g3 Bg7 4. Bg2 O-O 5. c4 d6 6. d4 e5 7. dxe5
Ng4 8. Nf3 Nxe5 9. Nxe5 dxe5 10. O-O c6 11. Nc3 Qe7 {A49: 1 d4 Nf6 2 Nf3 g6 3
g3: Anti-King's Indian systems.} 12. Qc1 Na6 13. Rd1 {[#]} Bf5 $146 ({
Predecessor:} 13... Rd8 14. Rxd8+ Qxd8 15. Qe3 Qe7 16. Rd1 Bf5 17. h3 h5 18.
Kh2 Nb4 19. Qc1 Rd8 20. a3 Na6 21. Rxd8+ Qxd8 22. b4 Nc7 23. Na4 Ne8 24. c5 {
1/2-1/2 (24) Flohr,S-Borisenko,G Moscow 1955}) 14. Na4 Rfd8 15. Qc3 Bg4 16. Bf3
Bxf3 17. exf3 Nc7 18. Qe3 b6 19. Re1 {[%cal Rb2e5]} Re8 20. Rad1 Rad8 21. Qe4
c5 22. Nc3 Rxd1 23. Rxd1 Ne6 $1 24. Nd5 Qd8 25. Re1 Nd4 26. Kg2 Re6 27. Qd3 h5
28. h4 (28. Bxd4 $5 cxd4 29. f4 $11) 28... Nc6 29. Qe3 e4 30. Bxg7 exf3+ 31.
Qxf3 Rxe1 32. Bc3 Nd4 33. Qf6 Re8 34. Bxd4 cxd4 35. Qxd4 $11 {[%mdl 4096]
Endgame KQR-KQN} Re6 36. a4 $1 a5 37. Kh2 Qd6 38. Kg2 f6 39. Qd3 Kf7 40. Qf3
Qc6 41. Qf4 Kg7 42. Qb8 Rd6 43. Kh2 {[#] Hoping for Ne7.} Rd7 44. Qe8 {
Strongly threatening Ne7.} ({Don't go for} 44. Qxb6 $2 Qxb6 45. Nxb6 Rd3 $19)
44... Qd6 45. Qc8 (45. Nf4 $11 f5 46. Ne6+ Kf6 47. Nf4) 45... Rf7 (45... Rd8 $5
{[%cal Rd8c8]} 46. Qb7+ Rd7 $15) 46. Kg2 Qe5 47. Nf4 $1 {The position is equal.
} Qe4+ 48. Kh2 Re7 49. Nd5 Qf3 50. Nxe7 Qxf2+ 51. Kh3 Qf1+ 52. Kh2 {[#]
Threatening mate with Qg8+.} Qf2+ 53. Kh3 {Qg8+ would kill now.} Qf1+ 54. Kh2 {
White threatens Qg8+ and mate.} Qf2+ {Weighted Error Value: White=0.09/Black=0.
06} 1/2-1/2